000 00856cab a2200229 4500
001 ABS39313
008 090401t1988 xxu||||| |||| 00| 0 eng d
035 _a(Sirsi) u15883
041 _aeng
100 _aStirrat, R.
245 _aEuropean Directive Environmental Assessment (EA)
260 _c1988
350 _a0
490 _aLandowning in Scotland
_v(212) Summer 1988, 40(1)
520 _aLists the type of projects which are included in Annexe 1 and 2 of the EC Directive on Environmental Impact Assessment , due to be implemented in the UK by 3 July 1988. Agricultural projects include afforestation, poultry and pig rearing, water management projects and salmon breeding.
650 _aAGRICULTURE
650 _aPOLLUTION
690 _aCONSERVATION AND THE ENVIRONMENT
700 _aRobinson, A.
942 _n0
948 _c04/03/1997
999 _c10457
_d10457